[Event "Ceske Budejovice op-B"]
[Site "Ceske Budejovice"]
[Date "2020.07.03"]
[Round "3"]
[White "Policar, Martin"]
[Black "Tuma, Hugo"]
[Result "1-0"]
[WhiteElo "1258"]
[BlackElo "1211"]
[PlyCount "49"]
[EventDate "2020.07.01"]
[EventType "swiss"]
[EventRounds "9"]
[EventCountry "CZE"]
[SourceTitle "CBM 197 Extra"]
[Source "ChessBase"]
[SourceDate "2020.09.30"]
[SourceVersion "1"]
[SourceVersionDate "2020.09.30"]
[SourceQuality "1"]

1. e4 e6 2. d4 d5 3. exd5 exd5 4. c4 Be6 5. c5 Nc6 6. Bb5 Qd7 7. Nf3 a6 8. Ba4 b5 9. cxb6 Bb4+ 10. Nc3 Nge7 11. Ne5 Qd6 12. Bf4 Bxc3+ 13. bxc3 0-0 14. Nxc6 Qxf4 15. Nxe7+ Kh8 16. 0-0 Bg4 17. Qd3 Qg5 18. h3 Bh5 19. Nc6 Bg6 20. Qe3 Qh4 21. b7 f5 22. bxa8Q Rxa8 23. Qe7 Qh5 24. Nd8 f4 25. Qf8# 1-0

[Event "Ceske Budejovice op-B"]
[Site "Ceske Budejovice"]
[Date "2020.07.01"]
[Round "1"]
[White "Trcka, Bohdan"]
[Black "Tuma, Hugo"]
[Result "1-0"]
[WhiteElo "1528"]
[BlackElo "1211"]
[PlyCount "91"]
[EventDate "2020.07.01"]
[EventType "swiss"]
[EventRounds "9"]
[EventCountry "CZE"]
[SourceTitle "CBM 197 Extra"]
[Source "ChessBase"]
[SourceDate "2020.09.30"]
[SourceVersion "1"]
[SourceVersionDate "2020.09.30"]
[SourceQuality "1"]

1. e4 e6 2. Be2 c5 3. d3 Nc6 4. c3 d5 5. f4 Bd6 6. e5 Bc7 7. Nf3 d4 8. c4 Nge7 9. Na3 a6 10. Nc2 Ba5+ 11. Bd2 b5 12. b3 Nf5 13. Bxa5 Qxa5+ 14. Qd2 Qxd2+ 15. Kxd2 Bb7 16. g4 Nh6 17. Rhg1 f5 18. exf6 gxf6 19. g5 fxg5 20. Nxg5 Kd7 21. Ne4 e5 22. Nxc5+ Kc8 23. fxe5 Nxe5 24. Nxd4 bxc4 25. bxc4 Bc6 26. Rab1 Nhf7 27. Rb6 Kc7 28. Rxa6 Rxa6 29. Nxa6+ Kb7 30. Nb4 Rd8 31. Nbxc6 Nxc6 32. Rg7 Nxd4 33. Rxf7+ Kb6 34. Rxh7 Ra8 35. Ke3 Nxe2 36. Kxe2 Rxa2+ 37. Ke3 Rc2 38. h4 Rh2 39. Kd4 Kc6 40. Rh6+ Kd7 41. Kd5 Rd2 42. Rh7+ Kd8 43. d4 Rd1 44. Kc5 Rc1 45. d5 Rd1 46. Kd6 1-0